00650 2200229 4500001002100000005001700021008004100038020002200079035002400101082000800125090001800133100001900151245007400170250001000244260003500254300003700289650002400326800002200350990001600372990001600388990001600404YOGYA-0612000000043220120605220250.0 ind  a978-979-026-363-5 0010-061200000000430 a920 aYOG 920 Bag A aBAGUS MUSTAKIM aAMIEN RAIS inilah jalan hidup sayacbagus Mustakim, Nurhuda kurniawan aCet.1 aYogyakartabInsan Madanic2010 aXVi,326 hlmbIlusc23 cm(3 eks ) aBiografi Amien Rais aNurhuda Kurniawan a119-PD/B.12 a020-PD/B.12 a019-PD/B.12